Tourism products in India / (Record no. 19788)

MARC details
000 -LEADER
fixed length control field 00914nam a22002417a 4500
008 - FIXED-LENGTH DATA ELEMENTS--GENERAL INFORMATION
fixed length control field 081212t xxu||||| |||| 00| 0 eng d
010 ## - LCCN (DPL NO)
LC control number ENG-92173
020 ## - INTERNATIONAL STANDARD BOOK NUMBER
Terms of availability 120.00
International Standard Book Number 9788190745918
035 ## - SYSTEM CONTROL NUMBER
System control number EN-75706
037 ## - SOURCE OF ACQUISITION
Source of stock number/acquisition DBAD / PUB
040 ## - CATALOGING SOURCE
Original cataloging agency dpl
Language of cataloging English
082 ## - DEWEY DECIMAL CLASSIFICATION NUMBER
Classification number 338.4791
100 ## - MAIN ENTRY--PERSONAL NAME
Personal name Lawrance, C.
245 ## - TITLE STATEMENT
Title Tourism products in India /
Statement of responsibility, etc by C. Lawrance
260 ## - PUBLICATION, DISTRIBUTION, ETC. (IMPRINT)
Place of publication, distribution, etc Kanyakumari
Name of publisher, distributor, etc Ideal Publication
Date of publication, distribution, etc 2007
270 ## - ADDRESS
Address Chembahacherry, Thottavaram, Puthukkadai (P.O.)
City Kanyakumari
300 ## - PHYSICAL DESCRIPTION
Extent 154p.
Dimensions 18cm (pbk)
500 ## - GENERAL NOTE
General note Includes bibliographical references
650 ## - SUBJECT ADDED ENTRY--TOPICAL TERM
Topical term or geographic name as entry element Touism marketing
Geographic subdivision India
651 ## - SUBJECT ADDED ENTRY--GEOGRAPHIC NAME
Geographic name Touism information
Geographic subdivision India
942 ## - ADDED ENTRY ELEMENTS (KOHA)
Source of classification or shelving scheme Dewey Decimal Classification
Item type English Books
Call number suffix LAW
Edition 22
Classification part 338.4791
Holdings
Withdrawn status Lost status Source of classification or shelving scheme Damaged status Not for loan Collection code Home library Current library Date acquired Source of acquisition Cost, normal purchase price Total Checkouts Full call number Barcode Date last seen Copy number Cost, replacement price Koha item type
    Dewey Decimal Classification   Not For Loan Non-fiction D.B.Act.Division D.B.Act.Division 12/12/2008 DBAD / PUB 120.00   338.4791 LAW EN-75706 12/12/2008 1 120.00 English Books

© Delhi Public Library
Hit Counter
free hit counter